Fighting Poverty in Africa. (Record no. 2869)

MARC details
000 -LEADER
fixed length control field 00540nam a22001937a 4500
003 - CONTROL NUMBER IDENTIFIER
control field OSt
005 - DATE AND TIME OF LATEST TRANSACTION
control field 20151215135714.0
008 - FIXED-LENGTH DATA ELEMENTS--GENERAL INFORMATION
fixed length control field 151215b xxu||||| |||| 00| 0 eng d
020 ## - INTERNATIONAL STANDARD BOOK NUMBER
International Standard Book Number 0850036887
040 ## - CATALOGING SOURCE
Transcribing agency DDC,
082 ## - DEWEY DECIMAL CLASSIFICATION NUMBER
Classification number 362.5FIG2003
100 ## - MAIN ENTRY--PERSONAL NAME
Personal name Booth,David;
9 (RLIN) 6581
245 ## - TITLE STATEMENT
Title Fighting Poverty in Africa.
Remainder of title Are PRSPs making a difeference.
260 ## - PUBLICATION, DISTRIBUTION, ETC. (IMPRINT)
Place of publication, distribution, etc. London.
Name of publisher, distributor, etc. Overseas Development Institute.
Date of publication, distribution, etc. 2003
300 ## - PHYSICAL DESCRIPTION
Extent ix,283p;
Other physical details ill;
Dimensions 24cm
504 ## - BIBLIOGRAPHY, ETC. NOTE
Bibliography, etc includes index.
650 ## - SUBJECT ADDED ENTRY--TOPICAL TERM
Topical term or geographic name as entry element Poverty Eradication.
9 (RLIN) 17
942 ## - ADDED ENTRY ELEMENTS (KOHA)
Source of classification or shelving scheme Dewey Decimal Classification
Koha item type Short Loan
Holdings
Withdrawn status Lost status Source of classification or shelving scheme Damaged status Not for loan Home library Current library Date acquired Source of acquisition Inventory number Total Checkouts Full call number Barcode Date last seen Price effective from Koha item type
    Dewey Decimal Classification     MUST Main Library MUST Main Library 15/12/2015   05/23358   362.5FIG2003 2015-2990 15/12/2015 15/12/2015 Short Loan